[Event "10th Edmonton International"]
[Site "Edmonton CAN"]
[Date "2015.06.20"]
[EventDate "2015.06.20"]
[Round "1"]
[Result "1/2-1/2"]
[White "Aman Hambleton"]
[Black "Wang Hao"]
[WhiteElo "2446"]
[BlackElo "2704"]
[PlyCount "76"]

1. d4 f5 2. Nc3 d5 3. Bg5 c6 4. e3 Qb6 5. Na4 Qa5+ 6. c3 Nf6
7. Nc5 Qb6 8. Nd3 Nbd7 9. Nf3 Ne4 10. Bf4 e6 11. Nfe5 Ndf6
12. Be2 Be7 13. O-O O-O 14. f3 Nd6 15. Bg3 Qd8 16. b3 g5
17. c4 Nh5 18. Bf2 Nf7 19. Nxf7 Rxf7 20. Ne5 Rg7 21. Bd3 Bd6
22. c5 Bc7 23. b4 Nf6 24. Qd2 Bd7 25. a4 Be8 26. b5 Bxe5
27. dxe5 Nd7 28. Qc3 Rc8 29. e4 fxe4 30. fxe4 Bg6 31. bxc6
bxc6 32. Ba6 Rc7 33. exd5 cxd5 34. Rac1 Nb8 35. Bb5 Nc6
36. Bxc6 Rxc6 37. Bd4 Bf5 38. Rf2 g4 1/2-1/2

[Event "10th Edmonton International"]
[Site "Edmonton CAN"]
[Date "2015.06.21"]
[EventDate "2015.06.20"]
[Round "2"]
[Result "1-0"]
[White "Wang Hao"]
[Black "Dale R Haessel"]
[WhiteElo "2704"]
[BlackElo "2180"]
[PlyCount "49"]

1. d4 Nf6 2. c4 g6 3. g3 c6 4. Nf3 Bg7 5. Bg2 d5 6. Qb3 Qb6
7. Nc3 O-O 8. O-O Rd8 9. Rd1 Bf5 10. Ne1 Na6 11. cxd5 Qxb3
12. axb3 cxd5 13. Ra5 Be6 14. Nd3 Nc7 15. Bf4 Nfe8 16. Nb4 b6
17. Ra3 Rd7 18. Nc6 a6 19. Na4 Nb5 20. Nxb6 Nxa3 21. Nxa8 Nb5
22. Nb6 Rb7 23. Nxd5 Bxd5 24. Bxd5 Rd7 25. Bc4 1-0

[Event "10th Edmonton International"]
[Site "Edmonton CAN"]
[Date "2015.06.22"]
[EventDate "2015.06.20"]
[Round "3"]
[Result "1/2-1/2"]
[White "Vassily Ivanchuk"]
[Black "Wang Hao"]
[WhiteElo "2733"]
[BlackElo "2704"]
[PlyCount "45"]

1. Nf3 d5 2. d4 Nf6 3. c4 c6 4. e3 Bf5 5. Nc3 e6 6. Nh4 Bg6
7. Nxg6 hxg6 8. Bd3 Nbd7 9. Qe2 a6 10. Bd2 dxc4 11. Bxc4 c5
12. Bb3 b5 13. O-O Bd6 14. h3 O-O 15. Rfd1 Qe7 16. Qf3 Rfc8
17. dxc5 Nxc5 18. Bc2 Ncd7 19. Be1 Ne5 20. Qe2 Nc4 21. Bd3 Ne5
22. Bc2 Nc4 23. Bd3 1/2-1/2

[Event "10th Edmonton International"]
[Site "Edmonton CAN"]
[Date "2015.06.23"]
[EventDate "2015.06.20"]
[Round "4"]
[Result "1/2-1/2"]
[White "Wang Hao"]
[Black "Surya Shekhar Ganguly"]
[WhiteElo "2704"]
[BlackElo "2625"]
[PlyCount "44"]

1. c4 e5 2. Nc3 Nf6 3. g3 d5 4. cxd5 Nxd5 5. Bg2 Nb6 6. d3 Be7
7. Be3 O-O 8. Rc1 Kh8 9. Nf3 Nc6 10. O-O f5 11. Na4 f4 12. Bc5
e4 13. Bxe7 Nxe7 14. Ng5 exd3 15. Nxb6 axb6 16. Qxd3 Qxd3
17. exd3 Nc6 18. Bd5 Ra5 19. Nf7+ Kg8 20. Nh6+ Kh8 21. Nf7+
Kg8 22. Nh6+ Kh8 1/2-1/2

[Event "10th Edmonton International"]
[Site "Edmonton CAN"]
[Date "2015.06.24"]
[EventDate "2015.06.20"]
[Round "5"]
[Result "1/2-1/2"]
[White "Vladimir Pechenkin"]
[Black "Wang Hao"]
[WhiteElo "2314"]
[BlackElo "2704"]
[PlyCount "68"]

1. c4 Nf6 2. g3 e5 3. Bg2 c6 4. d4 Bb4+ 5. Bd2 Bxd2+ 6. Qxd2
d6 7. e3 O-O 8. Nc3 Nbd7 9. Nge2 Re8 10. O-O Qe7 11. h3 h6
12. Rac1 a6 13. Rfd1 e4 14. g4 Nf8 15. Ng3 h5 16. gxh5 N8h7
17. Ncxe4 Nxe4 18. Nxe4 Qh4 19. Nxd6 Bxh3 20. Nxe8 Bxg2
21. Kxg2 Ng5 22. Kf1 Rxe8 23. Qd3 Qh1+ 24. Ke2 Qxh5+ 25. Kd2
Ne4+ 26. Ke1 Re6 27. d5 Nxf2 28. Kxf2 Qh2+ 29. Ke1 Rg6
30. Qxg6 fxg6 31. d6 Qg3+ 32. Ke2 Qh2+ 33. Kf3 Qh3+ 34. Kf2
Qh2+ 1/2-1/2

[Event "10th Edmonton International"]
[Site "Edmonton CAN"]
[Date "2015.06.25"]
[EventDate "2015.06.20"]
[Round "6.2"]
[Result "0-1"]
[White "Robert Gardner"]
[Black "Wang Hao"]
[WhiteElo "2133"]
[BlackElo "2704"]
[PlyCount "74"]

1. d4 d5 2. c4 e6 3. Nc3 c6 4. Nf3 Nf6 5. e3 Nbd7 6. Qc2 Bd6
7. b3 O-O 8. Bd3 e5 9. cxd5 cxd5 10. dxe5 Nxe5 11. Nb5 Bh3
12. gxh3 Nxf3+ 13. Ke2 Be5 14. Ba3 Bxa1 15. Rxa1 Ne5 16. Bxf8
Qxf8 17. Rc1 g6 18. Qc7 Nxd3 19. Kxd3 Ne4 20. f3 Qb4 21. Nc3
Nxc3 22. Rxc3 Re8 23. Qf4 Qb5+ 24. Kd2 d4 25. Qxd4 Qa5 26. b4
Qxa2+ 27. Rc2 Qe6 28. h4 Qh3 29. Rc5 Qg2+ 30. Kc3 b6 31. Rc7
Qxf3 32. Kd2 Qf2+ 33. Kd3 Qe1 34. Qf4 Qd1+ 35. Kc4 Qe2+
36. Kd4 Rd8+ 37. Ke5 Qb2+ 0-1

[Event "10th Edmonton International"]
[Site "Edmonton CAN"]
[Date "2015.06.26"]
[EventDate "2015.06.20"]
[Round "7"]
[Result "1-0"]
[White "Wang Hao"]
[Black "Samuel Shankland"]
[WhiteElo "2704"]
[BlackElo "2656"]
[PlyCount "101"]

1. e4 e6 2. d4 d5 3. Nd2 c5 4. Ngf3 cxd4 5. Nxd4 Nc6 6. Bb5
Bd7 7. Nxc6 bxc6 8. Bd3 Bd6 9. O-O Nf6 10. Qe2 Qc7 11. Nf3
dxe4 12. Bxe4 Nxe4 13. Qxe4 O-O 14. Rd1 Rad8 15. Bd2 c5
16. Qe1 Qb8 17. Ba5 Bc7 18. Bxc7 Qxc7 19. Qe5 Qb6 20. Nd2 Bc6
21. Nc4 Qb4 22. b3 Bd5 23. Ne3 Bb7 24. Rd6 Rxd6 25. Qxd6 Be4
26. Rd1 a5 27. a4 h6 28. h3 Rb8 29. Qe5 Bg6 30. Kh2 Rc8
31. Qd6 Kh7 32. f3 h5 33. Kg1 Rb8 34. Kf2 Rc8 35. Qd2 Qh4+
36. Kg1 Qd4 37. Kf2 Qh4+ 38. Ke2 c4 39. Qc3 Qg3 40. bxc4 Qc7
41. Qd4 Qc6 42. Qd7 Qc5 43. Rb1 Rc7 44. Qb5 Qd4 45. Rd1 Qc3
46. Rd8 Re7 47. Qc5 Qf6 48. Qc8 Kh6 49. Rh8+ Kg5 50. Qc5+ Kh4
51. Kf2 1-0

[Event "10th Edmonton International"]
[Site "Edmonton CAN"]
[Date "2015.06.27"]
[EventDate "2015.06.20"]
[Round "8"]
[Result "0-1"]
[White "Agnieszka Matras-Clement"]
[Black "Wang Hao"]
[WhiteElo "2269"]
[BlackElo "2704"]
[PlyCount "60"]

1. e4 e5 2. Nf3 Nc6 3. Bc4 Nf6 4. d3 Be7 5. O-O O-O 6. c3 d5
7. exd5 Nxd5 8. Re1 Bg4 9. h3 Bh5 10. Nbd2 Nb6 11. Bb5 f6
12. Ne4 Qd5 13. Bxc6 Qxc6 14. Ng3 Bxf3 15. Qxf3 Qxf3 16. gxf3
Nd5 17. f4 exf4 18. Nf5 Bd6 19. Nxd6 cxd6 20. Re6 Rae8
21. Rxd6 Re1+ 22. Kg2 Ne7 23. Rd4 Ng6 24. Re4 Nh4+ 25. Kh2 Rf1
26. Re2 f3 27. Re4 g5 28. b3 Rxf2+ 29. Kg1 Rg2+ 30. Kh1 Nf5
0-1

[Event "10th Edmonton International"]
[Site "Edmonton CAN"]
[Date "2015.06.28"]
[EventDate "2015.06.20"]
[Round "9.2"]
[Result "1/2-1/2"]
[White "Wang Hao"]
[Black "Pentala Harikrishna"]
[WhiteElo "2704"]
[BlackElo "2733"]
[PlyCount "134"]

1. c4 Nf6 2. Nc3 e5 3. Nf3 Nc6 4. g3 Bb4 5. Nd5 Nxd5 6. cxd5
Nd4 7. Nxd4 exd4 8. Bg2 O-O 9. O-O d6 10. Qc2 Bc5 11. b3 Bg4
12. e3 Qd7 13. Bb2 Bf5 14. e4 Bg6 15. d3 Rfe8 16. Kh1 Rac8
17. f4 f6 18. Qf2 Qb5 19. Bxd4 Qxd3 20. Bxc5 dxc5 21. Rad1 Qa6
22. Rfe1 Qd6 23. Qb2 Rcd8 24. e5 fxe5 25. fxe5 Qe7 26. h4 Bh5
27. Rd2 g5 28. hxg5 Qxg5 29. Qc3 Rd6 30. Rf2 Qg7 31. Re3 Rg6
32. Kg1 Rg5 33. e6 Qxc3 34. Rxc3 c6 35. dxc6 bxc6 36. Re3 Bg4
37. e7 Rg6 38. Rc2 Kf7 39. Rxc5 Rxe7 40. Rxe7+ Kxe7 41. Bxc6
Kd6 42. Rc3 Rg5 43. Be4 Ra5 44. Rc2 h5 45. Kf2 Bd7 46. Rd2+
Kc7 47. Bd5 Rc5 48. Ke3 Rc1 49. Bf3 Be8 50. Kf4 Rf1 51. Rc2+
Kd6 52. Rc3 Rf2 53. a3 a5 54. Kg5 Rh2 55. Rc8 Bd7 56. Ra8 a4
57. bxa4 Ra2 58. Ra6+ Ke7 59. a5 Rxa3 60. Kf4 Ra4+ 61. Be4 Bb5
62. Ra7+ Kd6 63. Ke3 Ra3+ 64. Kf4 Ra4 65. Ke3 Ra3+ 66. Kd4
Ra4+ 67. Ke3 Ke5 1/2-1/2

[Event "Chinese Team Championship"]
[Site "China CHN"]
[Date "2015.07.24"]
[EventDate "2015.04.10"]
[Round "8.6"]
[Result "1/2-1/2"]
[White "Ni Hua"]
[Black "Wang Hao"]
[WhiteElo "2704"]
[BlackElo "2713"]
[PlyCount "89"]

1. e4 c6 2. Nf3 d5 3. Nc3 Bg4 4. h3 Bxf3 5. Qxf3 e6 6. d4 dxe4
7. Qxe4 Nf6 8. Qd3 Na6 9. a3 Qa5 10. Be2 O-O-O 11. O-O Nc7
12. Rb1 Qf5 13. Qxf5 exf5 14. Bg5 Be7 15. Bc4 Ne6 16. Bxf6
Bxf6 17. d5 Nf4 18. dxc6 bxc6 19. Nd1 Ne6 20. Ne3 g6 21. Rfe1
Kc7 22. c3 Ng5 23. Ba2 Rd7 24. Rbd1 Rhd8 25. Rxd7+ Rxd7
26. Rd1 Re7 27. Kf1 h5 28. Nc4 h4 29. Bb3 Ne4 30. Bc2 Nc5
31. a4 Ne6 32. a5 Nf4 33. Ba4 Nd5 34. Bb3 Bg5 35. Re1 Rxe1+
36. Kxe1 Nf4 37. Kf1 Be7 38. Ne3 f6 39. Bf7 Bc5 40. b4 Bd6
41. Ke1 g5 42. Bc4 g4 43. Bf1 Nd5 44. Nd1 f4 45. f3 1/2-1/2

[Event "Chinese Team Championship"]
[Site "China CHN"]
[Date "2015.07.26"]
[EventDate "2015.04.10"]
[Round "10.6"]
[Result "1-0"]
[White "Wang Hao"]
[Black "Zhou Weiqi"]
[WhiteElo "2713"]
[BlackElo "2627"]
[PlyCount "109"]

1. e4 e5 2. Nf3 Nc6 3. Bb5 a6 4. Ba4 Nf6 5. O-O Nxe4 6. d4 b5
7. Bb3 d5 8. dxe5 Be6 9. Qe2 Bc5 10. Be3 Bxe3 11. Qxe3 O-O
12. Nc3 Nxc3 13. Qxc3 Qd7 14. Qc5 Na5 15. Nd4 c6 16. a4 Qa7
17. Qxa7 Rxa7 18. axb5 axb5 19. Ra3 Nxb3 20. Rxb3 Rc8 21. f4
Ra4 22. Rd3 g6 23. h3 Rb4 24. b3 c5 25. c3 Rxd4 26. cxd4 c4
27. Rg3 Bf5 28. Ra1 c3 29. Kf2 b4 30. Re3 Bc2 31. e6 fxe6
32. Rxe6 Bxb3 33. Rb6 c2 34. Rxb4 c1=Q 35. Rxc1 Rxc1 36. Rxb3
Rc2+ 37. Kf3 Rd2 38. Rb4 Kf7 39. f5 gxf5 40. Kf4 Rxg2 41. Kxf5
Rf2+ 42. Ke5 Rf3 43. Rb7+ Kg6 44. h4 Rf5+ 45. Ke6 Rf4 46. h5+
Kxh5 47. Ke5 Kg4 48. Rg7+ Kf3 49. Rxh7 Rf8 50. Kxd5 Rd8+
51. Kc4 Ke4 52. Re7+ Kf5 53. d5 Kf6 54. Re1 Rc8+ 55. Kb5 1-0

[Event "Chinese Team Championship"]
[Site "China CHN"]
[Date "2015.07.27"]
[EventDate "2015.04.10"]
[Round "11.2"]
[Result "1-0"]
[White "Wan Yunguo"]
[Black "Wang Hao"]
[WhiteElo "2477"]
[BlackElo "2713"]
[PlyCount "53"]

1. e4 e5 2. Nf3 Nc6 3. Bb5 Nf6 4. O-O Nxe4 5. Re1 Nd6 6. Nxe5
Be7 7. Bf1 O-O 8. d4 Nf5 9. d5 Nxe5 10. Rxe5 d6 11. Re1 Re8
12. Nc3 Nh4 13. Ne4 Bd7 14. Qh5 g6 15. Qh6 Bf8 16. Qg5 Kg7
17. Qg3 Nf5 18. Qc3+ Kg8 19. Bg5 Bg7 20. Nf6+ Kh8 21. Nxe8
Bxc3 22. Bxd8 Rxd8 23. Nxd6 cxd6 24. bxc3 Kg7 25. Reb1 b6
26. a4 Rc8 27. c4 1-0

[Event "Chinese Team Championship"]
[Site "China CHN"]
[Date "2015.08.21"]
[EventDate "2015.04.10"]
[Round "13.2"]
[Result "1-0"]
[White "Wang Hao"]
[Black "Qun Ma"]
[WhiteElo "2713"]
[BlackElo "2609"]
[PlyCount "138"]

1. d4 d5 2. c4 c6 3. Nf3 Nf6 4. e3 g6 5. Nc3 Bg7 6. Be2 O-O
7. O-O Qb6 8. b3 Bg4 9. h3 Bxf3 10. Bxf3 e6 11. Qc2 Re8
12. Bb2 Nbd7 13. Rac1 Rac8 14. Qb1 a6 15. Rfd1 Qb4 16. Ne2 Qa5
17. Nf4 Bf8 18. Nd3 Rcd8 19. Bc3 Qc7 20. Be1 Qb8 21. a4 Bd6
22. b4 dxc4 23. Rxc4 Nb6 24. Rcc1 Nxa4 25. Qa1 Nb6 26. e4 Nfd7
27. Bd2 Nc8 28. h4 Na7 29. h5 Nb5 30. Bg5 Be7 31. Bf4 Bd6
32. Bg5 Be7 33. Bf4 Bd6 34. e5 Be7 35. g3 Nb6 36. Be3 Nd5
37. Kg2 Nxe3+ 38. fxe3 Bg5 39. Nf4 Rd7 40. Qb1 Qd8 41. Rh1
Bxf4 42. gxf4 g5 43. fxg5 Qxg5+ 44. Kf2 Kh8 45. Rcg1 Qh6
46. Rh4 f5 47. exf6 Rf7 48. Qe4 Nd6 49. Qe5 Qxf6 50. Rf4 Qxe5
51. dxe5 Nf5 52. Be4 Ref8 53. Bxf5 Rxf5 54. Kf3 b6 55. Rc1 Rc8
56. Rxf5 exf5 57. Kf4 c5 58. e6 Kg7 59. Kxf5 Rf8+ 60. Ke5 Rf3
61. e4 cxb4 62. Rc7+ Kf8 63. Rxh7 Ke8 64. Rb7 Rh3 65. h6 Rxh6
66. Kd6 Kf8 67. Rxb6 a5 68. Rb5 Kg7 69. Kd7 Rh7 1-0

[Event "Chinese Team Championship"]
[Site "China CHN"]
[Date "2015.08.22"]
[EventDate "2015.04.10"]
[Round "14.5"]
[Result "0-1"]
[White "Zeng Chongsheng"]
[Black "Wang Hao"]
[WhiteElo "2541"]
[BlackElo "2713"]
[PlyCount "106"]

1. c4 Nf6 2. Nf3 e6 3. g3 d5 4. Bg2 Be7 5. O-O O-O 6. b3 b6
7. Bb2 Bb7 8. cxd5 exd5 9. d4 Nbd7 10. Nc3 Re8 11. Rc1 Nf8
12. Qc2 Ne6 13. Rfd1 a6 14. Ne5 Bd6 15. e3 Rc8 16. Qb1 Qe7
17. Nc4 Bb4 18. Ne2 Ng5 19. a3 dxc4 20. Bxb7 Nh3+ 21. Kg2 Nxf2
22. axb4 Nxd1 23. Rxd1 Ng4 24. Bc1 Nxe3+ 25. Bxe3 Qxe3 26. Nf4
Rcd8 27. Bd5 Qxb3 28. Qxb3 cxb3 29. Kf3 b2 30. Rb1 Rd6
31. Rxb2 c6 32. Be4 g5 33. Nh5 g4+ 34. Kf4 Rh6 35. Ra2 Rxh5
36. Bxc6 Re6 37. d5 Reh6 38. Rxa6 Rxh2 39. Rxb6 Kg7 40. Ra6
Re2 41. b5 Rf6+ 42. Kxg4 h5+ 43. Kh4 Rh2+ 44. Kg5 h4 45. g4 h3
46. Ra3 Re2 47. d6 h2 48. Rd3 Ree6 49. Rd2 Rh6 50. d7 Rxc6
51. bxc6 h1=Q 52. d8=Q Qf3 53. Rd6 f6+ 0-1

[Event "Chinese Team Championship"]
[Site "China CHN"]
[Date "2015.08.23"]
[EventDate "2015.04.10"]
[Round "15.1"]
[Result "1/2-1/2"]
[White "Wang Hao"]
[Black "Wei Yi"]
[WhiteElo "2713"]
[BlackElo "2706"]
[PlyCount "60"]

1. Nf3 Nf6 2. c4 g6 3. g3 Bg7 4. Bg2 O-O 5. O-O c5 6. Nc3 d5
7. cxd5 Nxd5 8. Nxd5 Qxd5 9. d3 Nc6 10. Be3 Bxb2 11. Rb1 Bf6
12. Qa4 Qd7 13. Bxc5 b6 14. Be3 Nd4 15. Qd1 Bb7 16. Bxd4 Bxd4
17. Nxd4 Bxg2 18. Kxg2 Qxd4 19. Qb3 Rac8 20. Rfc1 Qd7 21. f3
h5 22. a4 Rxc1 23. Rxc1 Rc8 24. Qb5 Qe6 25. Rxc8+ Qxc8 26. d4
Qe6 27. Kf2 Qh3 28. Kg1 Qe6 29. Kf2 Qh3 30. Kg1 Qe6 1/2-1/2

[Event "Chinese Team Championship"]
[Site "China CHN"]
[Date "2015.10.28"]
[EventDate "2015.04.10"]
[Round "16.3"]
[Result "0-1"]
[White "Lu Shanglei"]
[Black "Wang Hao"]
[WhiteElo "2570"]
[BlackElo "2713"]
[PlyCount "156"]

1. e4 c6 2. Nc3 d5 3. Nf3 Bg4 4. h3 Bxf3 5. Qxf3 Nf6 6. d3 e6
7. Bd2 Nbd7 8. g4 h6 9. h4 Qb6 10. Be2 d4 11. Nd1 O-O-O
12. Qg3 Bb4 13. c3 Be7 14. cxd4 Qxd4 15. Bc3 Bb4 16. O-O Bxc3
17. bxc3 Qe5 18. Rc1 Qxg3+ 19. fxg3 Rhf8 20. Nf2 e5 21. Nh3
Nc5 22. Rfd1 Nh7 23. Kf2 Rd6 24. Ke3 Re8 25. Nf2 Kd8 26. Bf3
Nf6 27. Nh3 Ne6 28. Rd2 Ke7 29. Rb1 b6 30. Nf2 Nd7 31. Bd1 Rd8
32. Bc2 Ndc5 33. Rbd1 Nb7 34. Nh3 Na5 35. Ng1 c5 36. Nf3 f6
37. Bb3 c4 38. Bxc4 Nxc4+ 39. dxc4 Rxd2 40. Rxd2 Rc8 41. Rc2
Rxc4 42. Nd2 Ra4 43. Nb3 b5 44. Rd2 Rc4 45. Rd3 a6 46. Na5 Rc7
47. c4 Nd4 48. Rc3 b4 49. Rc1 Nb5 50. Kd3 Rd7+ 51. Ke3 Rc7
52. c5 Nc3 53. c6 Nxa2 54. Rb1 Kd6 55. Rb2 Nc3 56. Rxb4 Nb5
57. Rc4 Nd4 58. Nb7+ Ke7 59. Na5 Rc8 60. Rc5 Kd6 61. Rd5+ Kc7
62. Rd7+ Kb6 63. Nc4+ Kb5 64. Kd3 Ne6 65. Kc3 Nc5 66. Na3+ Ka4
67. Rxg7 Kxa3 68. Kc4 Ne6 69. Rg6 Rxc6+ 70. Kd5 Nd4 71. Rxh6
Kb4 72. g5 Rc5+ 73. Kd6 f5 74. g6 fxe4 75. Rh5 e3 76. g7 e2
77. g8=Q e1=Q 78. Qg4 Qf2 0-1

[Event "Chinese Team Championship"]
[Site "China CHN"]
[Date "2015.10.29"]
[EventDate "2015.04.10"]
[Round "17.5"]
[Result "1/2-1/2"]
[White "Wang Hao"]
[Black "Igor Lysyj"]
[WhiteElo "2713"]
[BlackElo "2691"]
[PlyCount "60"]

1. d4 Nf6 2. c4 e6 3. Nc3 Bb4 4. e3 O-O 5. Ne2 d5 6. a3 Bd6
7. c5 Be7 8. b4 c6 9. Bb2 Nbd7 10. Ng3 b6 11. Be2 a5 12. Qc2
Ba6 13. Bxa6 Rxa6 14. b5 Ra8 15. bxc6 Nb8 16. cxb6 Qxb6
17. Na4 Qxc6 18. Qxc6 Nxc6 19. Ke2 Rab8 20. Rhc1 Rfc8 21. Nf1
Nd7 22. Bc3 Rb3 23. Bxa5 Rxa3 24. Nb6 Nxb6 25. Bxb6 Rxa1
26. Rxa1 Rb8 27. Ba5 Ra8 28. Bc3 Rxa1 29. Bxa1 f5 30. f4 Kf7
1/2-1/2

[Event "Chinese Team Championship"]
[Site "China CHN"]
[Date "2015.10.30"]
[EventDate "2015.04.10"]
[Round "18.2"]
[Result "0-1"]
[White "Wen Yang"]
[Black "Wang Hao"]
[WhiteElo "2573"]
[BlackElo "2713"]
[PlyCount "76"]

1. Nf3 Nf6 2. g3 d5 3. Bg2 Bg4 4. c4 c6 5. cxd5 Bxf3 6. Bxf3
cxd5 7. d4 e6 8. Nc3 Nc6 9. e3 Be7 10. O-O O-O 11. Bd2 Rc8
12. Rc1 Nd7 13. Ne2 Qb6 14. Bc3 Bb4 15. Qd2 Nf6 16. Nf4 Bd6
17. Nd3 Ne4 18. Bxe4 dxe4 19. Nc5 Bxc5 20. dxc5 Qb5 21. b4
Rfd8 22. Qb2 f6 23. Qb3 Kf7 24. f4 exf3 25. Rxf3 Qd3 26. Rcf1
Rd5 27. Qb2 Kg8 28. g4 Rcd8 29. Rg3 Qc4 30. g5 Rd1 31. Rf3
Rxf1+ 32. Rxf1 Rd5 33. Be1 Rxg5+ 34. Bg3 Qxb4 35. Qxb4 Nxb4
36. Rb1 Nxa2 37. Rxb7 Rxc5 38. Rxa7 Nc3 0-1

[Event "TCh-CHN"]
[Site "China CHN"]
[Date "2015.12.08"]
[EventDate "2015.04.10"]
[Round "19.6"]
[Result "0-1"]
[White "Wang Hao"]
[Black "Zhou Jianchao"]
[WhiteElo "2713"]
[BlackElo "2578"]
[PlyCount "100"]

1. d4 Nf6 2. c4 e6 3. Nf3 Bb4+ 4. Nbd2 O-O 5. a3 Bxd2+ 6. Qxd2
d5 7. e3 b6 8. b3 Bb7 9. Be2 Nbd7 10. O-O c5 11. a4 dxc4
12. bxc4 Rc8 13. Ba3 Qc7 14. Rfc1 Ng4 15. h3 Bxf3 16. Bxf3
Qh2+ 17. Kf1 Ngf6 18. Bb2 Rfd8 19. d5 exd5 20. Bxd5 Ne5
21. Qc3 Nxd5 22. cxd5 f6 23. f4 c4 24. fxe5 fxe5 25. Qxe5 Rf8+
26. Ke1 Qg3+ 27. Kd2 Qf2+ 28. Kc3 Rce8 29. Rc2 Rxe5 30. Rxf2
Rxf2 31. Kd4 Re8 32. Bc3 Re2 33. d6 R8xe3 34. Rd1 Kf7 35. Kxc4
Ke8 36. d7+ Kd8 37. Bxg7 Re6 38. g4 Rc2+ 39. Kd3 Rc7 40. Rf1
Rxd7+ 41. Bd4 Ke8 42. Rf5 Red6 43. Rf4 Rf7 44. Re4+ Kd7
45. Kc4 Re6 46. Be5 Kc6 47. Kd4 Rf3 48. Re2 Rxh3 49. Rc2+ Kb7
50. Ke4 Rc6 0-1

[Event "TCh-CHN"]
[Site "China CHN"]
[Date "2015.12.09"]
[EventDate "2015.04.10"]
[Round "20.1"]
[Result "1/2-1/2"]
[White "Mu Ke"]
[Black "Wang Hao"]
[WhiteElo "2392"]
[BlackElo "2713"]
[PlyCount "59"]

1. d4 Nf6 2. c4 e6 3. Nf3 d5 4. Nc3 c6 5. e3 Nbd7 6. Qc2 Bd6
7. Bd3 O-O 8. O-O dxc4 9. Bxc4 b5 10. Be2 Bb7 11. Rd1 Qc7
12. e4 e5 13. g3 Rfe8 14. dxe5 Nxe5 15. Bg5 Nxf3+ 16. Bxf3 Be5
17. Bxf6 gxf6 18. Rac1 Qe7 19. Bg4 Rad8 20. Bf5 h6 21. Qe2 a6
22. Bd7 Rf8 23. Qg4+ Kh8 24. Qh3 Kg7 25. Qg4+ Kh8 26. Qh3 Kg7
27. Qg4+ Kh8 28. Qh3 Kg7 29. Qg4+ Kh8 30. Qh3 1/2-1/2

[Event "TCh-CHN"]
[Site "China CHN"]
[Date "2015.12.10"]
[EventDate "2015.04.10"]
[Round "21.6"]
[Result "1-0"]
[White "Bu Xiangzhi"]
[Black "Wang Hao"]
[WhiteElo "2681"]
[BlackElo "2713"]
[PlyCount "145"]

1. Nf3 d5 2. g3 Bg4 3. Bg2 e6 4. c4 c6 5. Qb3 Qb6 6. Qc2 Nf6
7. O-O dxc4 8. Qxc4 Nbd7 9. d4 Be7 10. Nc3 O-O 11. Ne5 Bh5
12. Nxd7 Nxd7 13. b3 Rfd8 14. Bb2 Qb4 15. Qxb4 Bxb4 16. e3 f6
17. Rfc1 Bf7 18. a3 Be7 19. b4 Rab8 20. Ne4 Nb6 21. Rab1 Na4
22. Ba1 Bg6 23. Rb3 Bf7 24. Nc5 e5 25. Rbb1 Nxc5 26. bxc5 exd4
27. Bxd4 Bd5 28. a4 Bxg2 29. Kxg2 Rd7 30. Rc2 Rc8 31. Rcb2
Rcc7 32. f4 Kf7 33. Kf3 Bd8 34. Bc3 b6 35. cxb6 axb6 36. Rxb6
Ra7 37. R6b4 Ba5 38. Bd4 Bxb4 39. Bxa7 Rxa7 40. Rxb4 Ke6
41. a5 Rxa5 42. Rb7 Rh5 43. h4 g6 44. e4 Rc5 45. Rxh7 Rc3+
46. Kg4 f5+ 47. exf5+ gxf5+ 48. Kh3 Kf6 49. h5 Rc1 50. Rh6+
Kf7 51. Kh4 Rh1+ 52. Kg5 Rg1 53. Kh4 Rh1+ 54. Kg5 Rg1 55. Rf6+
Ke7 56. Kxf5 Rxg3 57. Rxc6 Rh3 58. Kg6 Rg3+ 59. Kf5 Rh3
60. Rc7+ Kf8 61. Kg6 Rg3+ 62. Kf6 Kg8 63. f5 Rg1 64. Rd7 Rf1
65. Re7 Rf2 66. Kg6 Rg2+ 67. Kf6 Rf2 68. Re8+ Kh7 69. Ke6 Kg7
70. h6+ Kxh6 71. f6 Re2+ 72. Kf7 Rf2 73. Re1 1-0

[Event "TCh-CHN"]
[Site "China CHN"]
[Date "2015.12.11"]
[EventDate "2015.04.10"]
[Round "22.2"]
[Result "1-0"]
[White "Wang Hao"]
[Black "Zhang Pengxiang"]
[WhiteElo "2713"]
[BlackElo "2570"]
[PlyCount "143"]

1. e4 e5 2. Nf3 Nc6 3. Bb5 a6 4. Ba4 Nf6 5. d3 d6 6. c3 Be7
7. O-O O-O 8. Re1 Nd7 9. Nbd2 Kh8 10. d4 exd4 11. cxd4 Nb4
12. Nf1 c5 13. a3 Nc6 14. Bxc6 bxc6 15. Ng3 cxd4 16. Nxd4 Ne5
17. Ndf5 Re8 18. Nxe7 Qxe7 19. Bd2 f6 20. Bc3 Be6 21. f4 Nd7
22. Kh1 Qf8 23. Rc1 a5 24. Qd2 Nc5 25. Qe3 Bd5 26. e5 fxe5
27. fxe5 dxe5 28. Rf1 Qd6 29. Kg1 Nd7 30. Rf5 Qc5 31. Nf1 Qd6
32. Qg3 Re6 33. Rg5 Rg6 34. Ne3 Rxg5 35. Qxg5 Qf6 36. Qg3 a4
37. Rf1 Qe6 38. Nf5 Rg8 39. h3 Be4 40. Ne3 c5 41. Rd1 Re8
42. Qg4 Qxg4 43. hxg4 Bc6 44. Rd6 Bb5 45. Nd5 Rc8 46. g5 c4
47. Kf2 Nc5 48. Ke3 Rb8 49. Nc7 Be8 50. Nxe8 Rxe8 51. Rc6 Ne6
52. Rxc4 Ra8 53. g6 hxg6 54. Bxe5 Kg8 55. Rb4 g5 56. Rb7 Ra5
57. Bc3 Ra6 58. g3 Kh7 59. Re7 g4 60. Ke4 Kg6 61. Ke5 Ng5
62. Kf4 Kh5 63. Re5 Rf6+ 64. Rf5 Rxf5+ 65. Kxf5 g6+ 66. Ke5
Nf3+ 67. Kd5 Kg5 68. b4 axb3 69. a4 Ng1 70. a5 Ne2 71. Be5 Nc1
72. Bb2 1-0

[Event "4th Al Ain Chess Classic"]
[Site "Al-Ain UAE"]
[Date "2015.12.23"]
[EventDate "2015.12.23"]
[Round "1.2"]
[Result "1-0"]
[White "Wang Hao"]
[Black "Sunil Mokal Prathamesh"]
[WhiteElo "2707"]
[BlackElo "2393"]
[PlyCount "55"]

1. d4 d5 2. c4 c6 3. Nf3 Nf6 4. Nc3 dxc4 5. a4 Bf5 6. Ne5 Nbd7
7. Nxc4 Qc7 8. g3 e5 9. dxe5 Nxe5 10. Bf4 Nfd7 11. Bg2 g5
12. Ne3 gxf4 13. Nxf5 O-O-O 14. Qc2 Nc5 15. O-O a5 16. gxf4
Nc4 17. Rfd1 Rg8 18. Rxd8+ Qxd8 19. Ng3 Qf6 20. Rd1 h5 21. b3
Na3 22. Qd2 Qe7 23. Nb5 Nxb3 24. Bh3+ Rg4 25. Qd3 cxb5
26. Qxb3 Kb8 27. Bxg4 hxg4 28. axb5 1-0

[Event "4th Al Ain Chess Classic"]
[Site "Al-Ain UAE"]
[Date "2015.12.24"]
[EventDate "2015.12.23"]
[Round "2.2"]
[Result "0-1"]
[White "Ghosh Diptayan"]
[Black "Wang Hao"]
[WhiteElo "2550"]
[BlackElo "2707"]
[PlyCount "60"]

1. d4 Nf6 2. c4 e6 3. Nf3 d5 4. Nc3 c6 5. e3 Nbd7 6. Qc2 b6
7. Bd3 Bb7 8. O-O Be7 9. b3 dxc4 10. bxc4 c5 11. d5 exd5
12. cxd5 Nxd5 13. Nxd5 Bxd5 14. Rd1 Qc7 15. Be4 Bxe4 16. Qxe4
Rc8 17. Bb2 Qc6 18. Qxc6 Rxc6 19. Bxg7 Rg8 20. Bb2 b5 21. Rac1
Ra6 22. a3 Nb6 23. Ne5 Na4 24. Ba1 f6 25. Nd3 Kf7 26. Nf4 c4
27. Rd7 Nc5 28. Rc7 Rd8 29. e4 Rxa3 30. Bc3 Rxc3 0-1

[Event "4th Al Ain Chess Classic"]
[Site "Al-Ain UAE"]
[Date "2015.12.25"]
[EventDate "2015.12.23"]
[Round "3.1"]
[Result "1-0"]
[White "Wang Hao"]
[Black "Zaven Andriasian"]
[WhiteElo "2707"]
[BlackElo "2594"]
[PlyCount "53"]

1. d4 Nf6 2. c4 c6 3. Nf3 d5 4. Nc3 dxc4 5. a4 Bf5 6. Ne5 Nbd7
7. Nxc4 Nb6 8. Ne5 a5 9. e3 e6 10. g4 Bg6 11. h4 h5 12. g5
Nfd5 13. Nxg6 fxg6 14. Qc2 Ne7 15. e4 Qxd4 16. Be3 Qb4
17. O-O-O Nec8 18. e5 Nd5 19. Qxg6+ Kd7 20. Rd4 Qe7 21. Nxd5
exd5 22. Bh3+ Kc7 23. Rf4 Kb8 24. Rf7 Qb4 25. Bxc8 Qc4+
26. Kb1 d4 27. Rc1 1-0

[Event "4th Al Ain Chess Classic"]
[Site "Al-Ain UAE"]
[Date "2015.12.26"]
[EventDate "2015.12.23"]
[Round "5.1"]
[Result "1-0"]
[White "Wang Hao"]
[Black "Babu M R Lalith"]
[WhiteElo "2707"]
[BlackElo "2553"]
[PlyCount "49"]

1. e4 c6 2. d4 d5 3. e5 Bf5 4. Nf3 e6 5. Be2 Nd7 6. O-O h6
7. Nbd2 Ne7 8. Nb3 Bg6 9. a4 Nf5 10. g4 Nh4 11. Nxh4 Qxh4
12. f4 f5 13. Bd3 Be7 14. Bd2 h5 15. gxf5 Bxf5 16. Bxf5 exf5
17. Rf3 Qg4+ 18. Kh1 Qg6 19. Rg3 Qf7 20. Qg1 Nf8 21. Rxg7 Qe6
22. Qg2 O-O-O 23. Rg1 Re8 24. Qh3 Rh6 25. R1g5 1-0